000 00664cam a2200217 a 4500
001 000008680
005 20200929161401.0
008 840920s1966 sp ac 000 0 spa
040 _aDO-SdBNP
_cCarP
_dDLC
_dBNPHU
082 _a863.64
_bC392v
100 1 _aCela, Camilo José,
_d1916-2002.
_93188
245 1 0 _aViaje a La Alcarria /
_cJosé Cela Camilo.
260 _aMadrid :
_bAlfaguara,
_c1966.
300 _a254, [255] p. :
_bil., port. ;
_c27 cm.
490 1 _aPuerto seguro
_v1
650 4 _aCuentos españoles
_93194
650 4 _aLiteratura española
_9632
830 0 _aPuerto seguro ;
_v1.
_923123
910 _aCatalogación por copia/ lc
049 _aBNGR
999 _c8450
_d8450